|
|
|
|
| LEADER |
00000nam0a2200000 4500 |
| 001 |
308961 |
| 005 |
20231102002137.0 |
| 020 |
|
|
|a RU
|b 81-87914
|
| 035 |
|
|
|a (RuTPU)RU\TPU\book\334282
|
| 090 |
|
|
|a 308961
|
| 100 |
|
|
|a 20151109d1981 km y0rusy5003 ca
|
| 101 |
0 |
|
|a rus
|
| 102 |
|
|
|a RU
|
| 105 |
|
|
|a a z 001zy
|
| 200 |
1 |
|
|a Подземное питание горных рек (методы количественной оценки)
|f Б. Л. Соколов, В. О. Саркисян
|
| 210 |
|
|
|a Ленинград
|c Гидрометеоиздат
|d 1981
|
| 215 |
|
|
|a 240 с.
|c ил.
|d 22 см.
|
| 320 |
|
|
|a Библиогр.: с. 230-239
|
| 606 |
1 |
|
|a Реки горные
|2 stltpush
|3 (RuTPU)RU\TPU\subj\24849
|9 49127
|
| 610 |
1 |
|
|a речной сток
|
| 610 |
1 |
|
|a водный режим
|
| 610 |
1 |
|
|a подземный сток
|
| 610 |
1 |
|
|a формирование
|
| 610 |
1 |
|
|a оценка
|
| 610 |
1 |
|
|a родниковые стоки
|
| 610 |
1 |
|
|a гидрографы
|
| 610 |
1 |
|
|a расчет
|
| 675 |
|
|
|a 556.52
|z rus
|v 4
|
| 700 |
|
1 |
|a Соколов
|b Б. Л.
|g Борис Леонидович
|4 070
|
| 701 |
|
1 |
|a Саркисян
|b В. О.
|g Вилик Оганесович
|4 070
|
| 801 |
|
0 |
|a RU
|b RuMRKP
|c 19950704
|g psbo
|
| 801 |
|
1 |
|a RU
|b 63413507
|c 20151109
|
| 801 |
|
2 |
|a RU
|b 63413507
|c 20180912
|g RCR
|
| 942 |
|
|
|c BK
|